Browsing the Web / (Record no. 356)

000 -LEADER
fixed length control field nam a22 a 4500
005 - DATE AND TIME OF LATEST TRANSACTION
control field 20170503144128.0
008 - FIXED-LENGTH DATA ELEMENTS--GENERAL INFORMATION
fixed length control field 170503b2000 -uk||||| |||| 00| 0 eng d
020 ## - INTERNATIONAL STANDARD BOOK NUMBER
International Standard Book Number 0751309869 (pbk) :
Terms of availability £4.99
040 ## - CATALOGING SOURCE
Original cataloging agency AKMAL
082 04 - DEWEY DECIMAL CLASSIFICATION NUMBER
Classification number 004.69 MIL
090 ## - LOCALLY ASSIGNED LC-TYPE CALL NUMBER (OCLC); LOCAL CALL NUMBER (RLIN)
Classification number (OCLC) (R) ; Classification number, CALL (RLIN) (NR) 004.69
Local cutter number (OCLC) ; Book number/undivided call number, CALL (RLIN) MIL
100 1# - MAIN ENTRY--PERSONAL NAME
Personal name Milner, Annalisa.
9 (RLIN) 787
245 10 - TITLE STATEMENT
Title Browsing the Web /
Statement of responsibility, etc. Annalisa Milner.
260 ## - PUBLICATION, DISTRIBUTION, ETC.
Place of publication, distribution, etc. Brighton :
Name of publisher, distributor, etc. Dorling Kindersley,
Date of publication, distribution, etc. 2000.
300 ## - PHYSICAL DESCRIPTION
Extent 72 p. :
Other physical details col.ill. ;
Dimensions 18cm
490 1# - SERIES STATEMENT
Series statement Essential computers. Internet
599 ## - LOCAL NOTE
Local Note DALAM PROSES
630 04 - SUBJECT ADDED ENTRY--UNIFORM TITLE
Uniform title Microsoft Internet Explorer.
9 (RLIN) 805
650 #0 - SUBJECT ADDED ENTRY--TOPICAL TERM
Topical term or geographic name entry element World Wide Web |v Popular works.
9 (RLIN) 806
830 #0 - SERIES ADDED ENTRY--UNIFORM TITLE
Uniform title Essential computers.
Name of part/section of a work Internet
9 (RLIN) 807
852 41 - LOCATION
Location British Library
Sublocation or collection HMNTS
942 ## - ADDED ENTRY ELEMENTS (KOHA)
Source of classification or shelving scheme
Koha item type Book
Holdings
Withdrawn status Lost status Source of classification or shelving scheme Damaged status Not for loan Collection code Home library Current library Shelving location Date acquired Inventory number Total Checkouts Full call number Barcode Date last seen Price effective from Koha item type
          NON-FICTION AKMAL Melaka AKMAL Melaka PINJAMAN 03.05.2017 000630   004.69 MIL 201701191 03.05.2017 03.05.2017 Book
Pusat Sumber Maklumat Dato' Haji Sarmin Md Hussin, Akademi Kastam Diraja Malaysia, Melaka
Tel: 06-2331106 | Faks: 06-2313787